ロード中...
Advanced economic theory: Microeconomic analysis
| 第一著者: | |
|---|---|
| フォーマット: | Printed Book |
| 出版事項: |
New Delhi
S Chand & Company Pvt Ltd.
1995
|
| 版: | 8 edition |
| 主題: |
| LEADER | 00500nam a2200157 4500 | ||
|---|---|---|---|
| 082 | |a 330.1 AHU-A8 | ||
| 100 | |a Ahuja, H L | ||
| 245 | |a Advanced economic theory: Microeconomic analysis | ||
| 250 | |a 8 edition | ||
| 260 | |a New Delhi |b S Chand & Company Pvt Ltd. |c 1995 | ||
| 300 | |||
| 490 | |||
| 650 | |a Economic systems and theories | ||
| 942 | |c BK | ||
| 999 | |c 232858 |d 232858 | ||
| 952 | |0 0 |1 0 |4 0 |6 330_100000000000000_AHUA8 |7 0 |9 246991 |a SDE |b SDE |d 2019-12-12 |l 0 |o 330.1 AHU-A8 |p SDE12292 |r 2019-12-12 |w 2019-12-12 |y BK | ||